Rollercoasters in Canada and the US East Coast - Statistics

General Stats
  • This quiz has been taken 11 times
  • The average score is 48 of 362
Answer Stats
Country Manufacturer Park Date Opened Answer % Correct
USA(Georgia) Bolliger and Mabillard Six Flags Over Georgia April 1st 2006 Goliath
56%
Canada Bolliger and Mabillard La Ronde May 13th 2006 Goliath
56%
USA(New York) Harry C. Baker Seabreeze Amusement Park 1920 Jack Rabbit
56%
USA(Pennsylvania) Charlie Mach Kennywood 1920 Jack Rabbit
56%
USA(Florida) Bolliger and Mabillard Busch Gardens Tampa April 20th 1993 Kumba
56%
USA(New Jersey) Bolliger and Mabillard Six Flags Great Adventure April 7th 2001 Nitro
56%
USA(North Carolina) Bolliger and Mabillard Carowinds March 20th 1999 Afterburn
44%
Canada Premier Rides Canada's Wonderland July 12th 2025 AlpenFury
44%
Canada Vekoma Canada's Wonderland 1987 Bat
44%
USA(New Jersey) Bolliger and Mabillard Six Flags Great Adventure May 1st 1993 Batman The Ride
44%
USA(Georgia) Bolliger and Mabillard Six Flags Over Georgia May 3rd 1997 Batman The Ride
44%
Canada Bolliger and Mabillard Canada's Wonderland May 4th 2008 Behemoth
44%
USA(New Hampshire) Zamperla Canobie Lake Park 1991 Dragon
44%
Canada Intamin La Ronde 1994 Dragon
44%
USA (Florida) Vekoma Legoland Florida 2004 Dragon
44%
USA(New York) Zierer Legoland New York July 9th 2021 Dragon
44%
USA(South Carolina) Jung-Max Rides Family Kingdom Amusement Park 2023 Dragon
44%
USA(New Jersey) Intamin Six Flags Great Adventure June 12th 2006 El Toro
44%
USA(Virginia) Bolliger and Mabillard Busch Gardens Williamsburg May 18th 2007 Griffon
44%
USA(Florida) Rocky Mountain Construction Busch Gardens Tampa March 11th 2022 Iron Gwazi
44%
USA(Pennsylvania) Bolliger and Mabillard Dorney Park & Wildwater Kingdom May 10th 2024 Iron Menace
44%
USA(Florida) Bolliger and Mabillard SeaWorld Orlando June 1st 2000 Kraken
44%
USA(Pennsylvania) Edward Joy Morris Lakemont Park 1902 Leap The Dips
44%
Canada Bolliger and Mabillard Canada's Wonderland May 6th 2012 Leviathan
44%
USA(Virginia) Arrow Dynamics Busch Gardens Williamsburg June 6th 1978 Loch Ness Monster
44%
USA(Florida) Bolliger and Mabillard SeaWorld Orlando June 10th 2016 Mako
44%
USA(Florida) Bolliger and Mabillard SeaWorld Orlando May 22nd 2009 Manta
44%
USA(New Jersey) Bolliger and Mabillard Six Flags Great Adventure April 2nd 1999 Medusa
44%
USA(Florida) Bolliger and Mabillard Busch Gardens Tampa May 16th 1996 Montu
44%
USA(Virginia) Intamin Kings Dominion April 2nd 2010 Pantherian
44%
USA(Pennsylvania) Morgan Kennywood May 19th 2001 Phantom's Revenge
44%
USA(Pennsylvania) Charlie Mach Kennywood 1927 Racer
44%
USA(Florida) Bolliger and Mabillard Busch Gardens Tampa May 21st 2005 SheiKra
44%
USA(Virginia) Bolliger and Mabillard Busch Gardens Williamsburg March 27th 1999 Apollo's Chariot
33%
USA(North Carolina) Arrow Dynamics Carowinds March 22nd 1980 Carolina Cyclone
33%
Canada Carl E. Phare Playland 1958 Coaster
33%
USA(Florida) Wisdom Rides FastTrax Entertainment May 15th 2012 Cobra
33%
USA(North Carolina) Mack Rides Carowinds March 23rd 2019 Copperhead Strike
33%
USA(New York) Harry C. Baker Luna Park June 26th 1927 Cyclone
33%
Canada Schwarzkopf Sandspit Cavendish Beach 1996 Cyclone
33%
Canada Arrow HUSS Canada's Wonderland May 23rd 1981 Dragon Fyre
33%
Canada Mack Rides Canada's Wonderland May 2nd 1999 Fly
33%
USA(North Carolina) Bolliger and Mabillard Carowinds March 28th 2015 Fury 325
33%
USA(Virginia) Intamin Busch Gardens Williamsburg March 25th 2022 Pantheon
33%
USA(Pennsylvania) Philadelphia Toboggan Coasters Knoebels Amusement Resort June 15th 1985 Phoenix
33%
USA (New York) Vekoma Deno's Wonder Wheel Amusement Park July 2nd 2021 Phoenix
33%
USA(Virginia) Bolliger and Mabillard Kings Dominion March 29th 2025 Rapterra
33%
USA(New Jersey) Arrow Dynamics Six Flags Great Adventure July 4th 1974 Runaway Mine Train
33%
Canada Zamperla Cultus Lake Adventure Park 2015 Runaway Mine Train
33%
Canada L&T Systems Atlantic Splash Adventure 2024 Runaway Mine Train
33%
USA (Massachusetts) Intamin Six Flags New England May 5th 2000 Superman The Ride
33%
USA(Georgia) Bolliger and Mabillard Six Flags Over Georgia April 6th 2002 Superman Ultimate Flight
33%
USA(New Jersey) Bolliger and Mabillard Six Flags Great Adventure April 17th 2003 Superman Ultimate Flight
33%
USA(Florida) Bolliger and Mabillard Universal Islands of Adventure May 28th 1999 The Incredible Hulk Coaster
33%
USA(Pennsylvania) Andy Vettel Kennywood May 4th 1924 Thunderbolt
33%
USA (Massachusetts) Joseph E. Drambour Six Flags New England 1941 Thunderbolt
33%
USA(New York) Zamperla Luna Park June 14th 2014 Thunderbolt
33%
Canada Mack Rides Canada's Wonderland 1986 Thunder Run
33%
USA (Virginia) Rocky Mountain Construction Kings Dominion March 24th 2018 Twisted Timbers
33%
USA(New Jersey) SBF Visa Group Land Of Make Believe 2020 Twisted Timbers
33%
Canada Arrow HUSS Calaway Park 1982 Vortex
33%
Canada Arrow Dynamics Canada's Wonderland May 12th 1991 Vortex
33%
USA(North Carolina) Bolliger and Mabillard Carowinds March 14th 1992 Vortex
33%
Canada Bolliger and Mabillard Canada's Wonderland May 3rd 2019 Yukon Striker
33%
USA(Virginia) Bolliger and Mabillard Busch Gardens Williamsburg March 27th 1997 Alpengeist
22%
Canada Premier Rides Canada's Wonderland May 1st 2005 Backlot Stunt Coaster
22%
USA (Virginia) Premier Rides Kings Dominion May 27th 2006 Backlot Stunt Coaster
22%
USA (Massachusetts) Bolliger and Mabillard Six Flags New England April 20th 2002 Batman - The Dark Knight
22%
USA (Connecticut) Custom Coasters International Lake Compounce May 21st 2000 Boulder Dash
22%
USA(Pennsylvania) Bolliger and Mabillard Hersheypark July 3rd 2020 Candymonium
22%
USA(Florida) Mack Rides Busch Gardens Tampa June 17th 2016 Cobra's Curse
22%
USA(Pennsylvania) Philadelphia Toboggan Coasters Hersheypark May 30th 1946 Comet
22%
USA(Pennsylvania) Philadelphia Toboggan Coasters Waldameer & Water World August 1951 Comet
22%
USA(New York) Philadelphia Toboggan Coasters Six Flags Great Escape June 25th 1994 Comet
22%
USA (Virginia) Bolliger and Mabillard Kings Dominion May 24th 2008 Dominator
22%
USA(Florida) Vekoma Disney's Animal Kingdom April 7th 2006 Expedition Everest
22%
USA(Pennsylvania) Intamin Hersheypark May 25th 2008 Fahrenheit
22%
USA(Maryland) Bolliger and Mabillard Six Flags America June 7th 2012 Firebird
22%
USA(New York) Vekoma Six Flags Great Escape May 23rd 1997 Flashback
22%
USA (Massachusetts) Vekoma Six Flags New England May 5th 2000 Flashback
22%
USA(New Jersey) Vekoma Six Flags Great Adventure March 29th 2025 Flash: Vertical Velocity
22%
Canada Vekoma Canada's Wonderland May 7th 1995 Flight Deck
22%
USA(Georgia) Bolliger and Mabillard Six Flags Over Georgia May 8th 1999 Georgia Scorcher
22%
Canada Curtis D. Summers Canada's Wonderland May 23rd 1981 Ghoster Coaster
22%
USA(Pennsylvania) Bolliger and Mabillard Hersheypark May 23rd 1998 Great Bear
22%
USA(New Jersey) Vekoma Morey's Pier May 25th 1995 Great Nor'Easter
22%
USA(New Jersey) Custom Coasters International Morey's Pier June 10th 1996 Great White
22%
USA(Florida) Intamin Universal Islands of Adventure June 13th 2019 Hagrid's Magical Creatures Motorbike Adventure
22%
USA(Pennsylvania) Bolliger and Mabillard Dorney Park & Wildwater Kingdom May 7th 2005 Hydra The Revenge
22%
USA(Florida) Premier Rides SeaWorld Orlando February 8th 2022 Ice Breaker
22%
USA(New Jersey) Rocky Mountain Construction Six Flags Great Adventure June 13th 2021 Jersey Devil Coaster
22%
USA(New Jersey) S&S Worldwide Six Flags Great Adventure May 28th 2016 Joker
22%
USA (Massachusetts) S&S Worldwide Six Flags New England May 27th 2017 Joker
22%
USA(Pennsylvania) Great Coasters International Hersheypark May 13th 2000 Lightning Racer
22%
USA(Pennsylvania) Allan Herschell Company Conneaut Lake Park 1950 Little Dipper
22%
USA(Connecticut) Allan Herschell Company Quassy Amusement Park 1952 Little Dipper
22%
USA(New York) Allan Herschell Company Midway State Park 1956 Little Dipper
22%
Canada Curtis D. Summers Canada's Wonderland 1981 Mighty Canadian Minebuster
22%
USA (Massachusetts) Gerstlauer Six Flags New England April 16th 2005 Pandemonium
22%
USA(Florida) Bolliger and Mabillard Busch Gardens Tampa July 21st 2024 Phoenix Rising
22%
USA(Florida) Bolliger and Mabillard SeaWorld Orlando May 27th 2023 Pipeline the Surf Coaster
22%
USA(Pennsylvania) Intamin Dorney Park & Wildwater Kingdom May 17th 2008 Possessed
22%
USA(Virginia) Philadelphia Toboggan Coasters Kings Dominion May 3rd 1975 Racer 75
22%
USA(North Carolina) Mack Rides Carowinds March 23rd 2002 Ricochet
22%
USA(Florida) Vekoma Disney's Hollywood Studios July 29th 1999 Rock 'n' Roller Coaster
22%
USA(New Jersey) Intamin Six Flags Great Adventure June 3rd 1996 Skull Mountain
22%
USA(Pennsylvania) Intamin Hersheypark May 26th 2012 Skyrush
22%
Canada ART Engineering Canada's Wonderland May 18th 2023 Snoopy's Racing Railway
22%
USA(North Carolina) ART Engineering Carowinds May 24th 2025 Snoopy's Racing Railway
22%
USA(Florida) Arrow Dynamics Magic Kingdom January 15th 1975 Space Mountain
22%
USA(Pennsylvania) S&S Sansei Technologies Kennywood July 13th 2019 Steel Curtain
22%
USA(Pennsylvania) Morgan Dorney Park & Wildwater Kingdom May 30th 1997 Steel Force
22%
USA(North Carolina) Bolliger and Mabillard Carowinds March 27th 2010 Thunder Striker
22%
USA(Florida) Premier Rides Busch Gardens Tampa April 19th 2019 Tigris
22%
USA(New Jersey) Gerstlauer Nickelodeon Universe American Dream October 25th 2019 TMNT Shellraiser
22%
USA (Virginia) S&S Worldwide Kings Dominion March 12th 2022 Tumbili
22%
USA(Virginia) Zierer Busch Gardens Williamsburg May 18th 2012 Verbolten
22%
USA (Connecticut) Philadelphia Toboggan Coasters Lake Compounce 1927 Wildcat
22%
USA(Maryland) Schwarzkopf Adventure Park USA March 30th 2007 Wildcat
22%
USA(Maryland) Schwarzkopf Jolly Roger Amusement Park 2015 Wildcat
22%
Canada Curtis D. Summers Canada's Wonderland May 23rd 1981 Wilde Beast
22%
USA(Pennsylvania) Vekoma Idlewild & SoakZone May 15th 1993 Wild Mouse
22%
USA(Pennsylvania) Mack Rides Hersheypark May 8th 1999 Wild Mouse
22%
USA(Pennsylvania) Maurer Rides Dorney Park & Wildwater Kingdom May 6th 2000 Wild Mouse
22%
USA(Maine) Maurer Rides Funtown Splashtown USA May 30th 2009 Wild Mouse
22%
Canada ART Engineering Canada's Wonderland May 24th 2014 Wonder Mountain's Guardian
22%
Canada Vekoma Santa's Village 2025 Yeti Trek
22%
USA(Florida) Zierer Busch Gardens Tampa March 27th 2010 Air Grover
11%
USA (Virginia) Mack Rides Kings Dominion March 23rd 2002 Apple Zapple
11%
USA(Georgia) Rocky Mountain Construction Fun Spot America Atlanta March 31st 2023 ArieForce One
11%
USA(Virginia) Bolliger and Mabillard Busch Gardens Williamsburg May 23rd 2025 Big Bad Wolf: The Wolf's Revenge
11%
USA(Florida) ArrowDynamics Magic Kingdom November 15th 1980 Big Thunder Mountain Railroad
11%
USA(New York) Gravitykraft Corporation Six Flags Great Escape June 1st 2024 Bobcat
11%
Canada Vekoma La Ronde 1984 Boomerang
11%
USA(Georgia) Vekoma Wild Adventures August 7th 1998 Boomerang
11%
USA(North Carolina) Arrow Dynamics Carowinds March 31st 1973 Carolina Goldrusher
11%
USA (Massachusetts) Zierer Six Flags New England May 5th 2000 Catwoman's Whip
11%
USA (Florida) Martin & Vleminckx Legoland Florida November 26th 2004 Coastersaurus
11%
USA(Florida) Mack Rides Universal Epic Universe May 22nd 2025 Curse of the Werewolf
11%
USA(Georgia) Gerstlauer Six Flags Over Georgia May 28th 2011 Dare Devil Dive
11%
USA(Virginia) Intamin Busch Gardens Williamsburg May 19th 2023 DarKoaster
11%
Canada Vekoma La Ronde May 25th 2010 Ednör - L'Attaque
11%
USA(Maine) Custom Coasters International Funtown Splashtown USA June 5th 1998 Excalibur
11%
USA (Virginia) Premier Rides Kings Dominion June 18th 1996 Flight of Fear
11%
USA(Florida) Vekoma Universal Islands of Adventure June 29th 2000 Flight of the Hippogriff
11%
USA(Florida) Chance Rides Fun Spot America May 17th 2013 Freedom Flyer
11%
USA(New Jersey) S&S Worldwide Playland's Castaway Cove May 26th 2017 GaleForce
11%
USA(Georgia) Intamin Six Flags Over Georgia March 15th 2025 Georgia Gold Rusher
11%
USA (Massachusetts) Mack Rides Six Flags New England April 16th 2011 Gotham City Gauntlet: Escape from Arkham Asylum
11%
USA(Georgia) Philadelphia Toboggan Coasters Six Flags Over Georgia March 31st 1973 Great American Scream Machine
11%
USA(Virginia) Taft Attractions Kings Dominion March 27th 1982 Grizzly
11%
USA (Virginia) Zierer Busch Gardens Williamsburg April 3rd 2009 Grover's Alpine Express
11%
USA(New Jersey) Zierer Six Flags Great Adventure 1999 Harley Quinn Crazy Train
11%
USA(Florida) Intamin Universal Studios Florida July 8th 2014 Harry Potter and the Escape from Gringotts
11%
USA(Florida) Intamin Universal Epic Universe May 22nd 2025 Hiccup's Wing Gliders
11%
USA(Florida) Mack Rides Universal Islands of Adventure June 22nd 2006 High in the Sky Seuss Trolley Train Ride
11%
USA(North Carolina) International Coasters Carowinds June 4th 1994 Hurler
11%
USA (Virginia) Great Coasters International Busch Gardens Williamsburg April 7th 2017 InvadR
11%
USA(Florida) Mack Rides SeaWorld Orlando April 17th 1998 Journey to Atlantis
11%
USA(North Carolina) Vekoma Carowinds March 22nd 2003 Kiddy Hawk
11%
USA(Pennsylvania) Maurer AG Hersheypark May 23rd 2015 Laff Trakk
11%
USA(New York) Vekoma Six Flags Darien Lake May 17th 1997 Mind Eraser
11%
USA(Florida) Gravitykraft Corporation Fun Spot America June 23rd 2017 Mine Blower
11%
USA(Florida) JR Automation Universal Epic Universe May 22nd 2025 Mine-Cart Madness
11%
Canada Martin & Vleminckx La Ronde July 20th 1985 Monstre
11%
USA(Pennsylvania) Gravitykraft Corporation Sesame Place Philadelphia May 26th 2018 Oscar's Wacky Taxi
11%
USA(Florida) Bolliger and Mabillard SeaWorld Orlando July 7th 2024 Penguin Trek
11%
USA (Connecticut) Premier Rides Lake Compounce May 7th 2016 Phobia Phear Coaster
11%
USA(New Jersey) Wisdom Rides Casino Pier May 29th 2007 Pirates Hideaway
11%
USA(New Hampshire) Hopkins Story Land 1987 Polar Coaster
11%
USA(Maryland) Zamperla Six Flags America June 21st 2014 Ragin' Cajun
11%
USA(Florida) Premier Rides Universal Studios Florida May 21st 2004 Revenge of the Mummy
11%
USA(Georgia) Schwarzkopf Six Flags Over Georgia March 31st 1978 Riddler Mind Bender
11%
USA(New York) Intamin Six Flags Darien Lake May 15th 1999 Ride of Steel
11%
USA(Maryland) Great Coasters International Six Flags America May 2nd 1998 Roar
11%
USA(New York) Allan Herchel Company Huck Finn's Playland June 18th 2015 Roller Coaster
11%
USA(New Jersey) Intamin Nickelodeon Universe American Dream October 1st 2020 Sandy's Blasting Bronco
11%
USA(Florida) Vekoma Magic Kingdom May 28th 2014 Seven Dwarfs Mine Train
11%
USA(New Jersey) Gerstlauer Nickelodeon Universe American Dream November 2nd 2019 Shredder
11%
USA(Pennsylvania) Philadelphia Toboggan Coasters Lakemont Park 1987 Skyliner
11%
USA(Pennsylvania) Premier Rides Kennywood June 29th 2010 Sky Rocket
11%
USA(Florida) Mack Rides Disney's Hollywood Studios June 30th 2018 Slinky Dog Dash
11%
USA(Florida) Mack Rides Universal Epic Universe May 22nd 2025 Stardust Racers
11%
USA(New York) Arrow Dynamics Six Flags Great Escape May 26th 1984 Steamin' Demon
11%
USA(New York) Zamperla Luna Park April 2011 Steeplechase
11%
USA(Pennsylvania) Intamin Hersheypark May 8th 2004 Storm Runner
11%
USA(Maryland) Intamin Six Flags America May 13th 2000 Superman: Ride of Steel
11%
USA(Pennsylvania) Bolliger and Mabillard Dorney Park & Wildwater Kingdom May 5th 2001 Talon
11%
USA(New York) Gerstlauer Six Flags Darien Lake May 25th 2018 Tantrum
11%
USA(Virginia) Premier Rides Busch Gardens Williamsburg April 25th 2015 Tempesto
11%
USA(Pennsylvania) Philadelphia Toboggan Coasters Dorney Park & Wildwater Kingdom May 30th 1924 Thunderhawk
11%
USA(New York) Zamperla Luna Park May 29th 2010 Tickler
11%
USA(Maryland) Vekoma Trimper's Rides 1986 Tidal Wave
11%
USA(New Jersey) SBF Visa Group Jenkinson's Boardwalk April 2019 Tidal Wave
11%
Canada Zamperla La Ronde May 17th 2003 Toboggan Nordique
11%
USA(New York) Zamperla Luna Park September 2022 Tony's Express
11%
USA(Pennsylvania) Arrow Dynamics Hersheypark May 18th 1974 Trailblazer
11%
USA(Florida) Vekoma Magic Kingdom April 4th 2023 Tron Light cycle Run
11%
Canada Bolliger and Mabillard La Ronde May 18th 2002 Vampire
11%
USA(Pennsylvania) Vekoma Sesame Place Philadelphia 1998 Vapor Trail
11%
USA (Massachusetts) Rocky Mountain Construction Six Flags New England May 24th 2015 Wicked Cyclone
11%
USA(Pennsylvania) Rocky Mountain Construction Hersheypark June 2nd 2023 Wildcat's Revenge
11%
USA(North Carolina) E&F Miler Industries Carowinds 1998 Wilderness run
11%
USA (Virginia) Philadelphia Toboggan Coasters Kings Dominion 1974 Woodstock Express
11%
USA(North Carolina) Philadelphia Toboggan Coasters Carowinds 1975 Woodstock Express
11%
USA(New Hampshire) Philidelphia Toboggan Coasters Canobie Lake Park 1936 Yankee Cannonball
11%
USA(Florida) Vekoma Magic Kingdom October 1st 1996 Barnstormer
0%
USA(Maryland) Zierer Jolly Roger Amusement Park June 4th 2019 Barracuda
0%
USA(North Carolina) SBF Visa Group Tweetsie Railroad April 8th 2023 Barrels of Fun
0%
USA(New York) E&F Miler Industries Seabreeze Amusement Park 1997 Bear Trax
0%
USA(Pennsylvania) Philadelphia Toboggan Coasters Knoebels Amusement Resort October 8th 2011 Black Diamond
0%
Canada SBF Visa Group Cultus Lake Adventure Park 2015 Blastin' Barrels
0%
USA(Georgia) Vekoma Six Flags Over Georgia March 1st 1992 Blue Hawk
0%
USA(New York) George W. Long Seabreeze Amusement Park 1954 Bobsleds
0%
USA(New York) Vekoma Six Flag's Darien Lake May 16th 1998 Boomerang Coast to Coaster
0%
USA(New Jersey) E&F Miler Industries Storybook Land 2000 Bubbles The Coaster
0%
Canada SBF Visa Group Playland 2017 Bug Whirled
0%
Canada Gosetto Calaway Park May 2019 Bumble Blast
0%
USA(Florida) Intamin Busch Gardens Tampa May 27th 2011 Busch Gardens Tampa
0%
USA(New York) SBF Visa Group Lake George Expedition Park May 2024 Caldwell's Crazy Coaster
0%
USA(Georgia) Philadelphia Toboggan Coasters Lake Winnepesaukah 1967 Cannon Ball
0%
USA(New York) Arrow Development Six Flags Great Escape June 27th 2003 Canyon Blaster
0%
USA(New Jersey) SBF Visa Group Storybook Land 2025 Cinderella Coaster
0%
USA(New York) Zamperla Luna Park May 29th 2010 Circus Coaster
0%
USA(Pennsylvania) Zamperla Hersheypark May 10th 2014 Cocoa Cruiser
0%
Canada Zierer Galaxyland 1985 Cootie Coaster
0%
USA(New York) E&F Miler Industries Fantasy Forest at the Flushing Meadows Carousel May 2013 Corona Cobra Coaster
0%
USA(Connecticut) SBF Visa Group Quassy Amusement Park 2025 Crazy 8 Family Coaster
0%
USA(New Jersey) Premier Rides Steel Pier May 24th 2025 Crazy Cab
0%
USA(New York) Zamperla Playland Park 2003 Crazy Mouse
0%
USA(Pennsylvania) Reverchon DelGrosso's Amusement Park 2004 Crazy Mouse
0%
USA(Florida) Zamperla Peppa Pig Theme Park February 4th 2022 Daddy Pig's Roller Coaster
0%
USA(Georgia) Arrow Dynamics Six Flags Over Georgia June 16th 1967 Dahlonega Mine Train
0%
USA(New Jersey) Mack Rides Six Flags Great Adventure May 15th 2008 Dark Knight
0%
USA(North Carolina) B. A. Schiff & Associates Deadwood 2008 Dinosaur Crayon
0%
USA(New Jersey) Zamperla Morey's Pier August 7th 1998 Doo Wopper
0%
USA(New York) Prior and Church Company Playland Park 1929 Dragon Coaster
0%
USA(New Jersey) Wisdom Rides Clementon Park and Splash World 2019 Dragon Coaster
0%
USA(New York) Zamperla Legoland New York July 9th 2021 Dragon's Apprentice
0%
Canada Wisdom rides Galaxyland 1993 Dragon Wagon
0%
USA(Pennsylvania) Reverchon Kennywood May 18th 1999 Exterminator
0%
USA(New York) Zamperla Playland Park 2001 Family Flyer
0%
USA(Pennsylvania) Zamperla Fun Fore All Family Fun Park August 2003 Fiesta Express
0%
USA (New York) Ride Engineers Switzerland Adventureland May 21st 2022 Fireball
0%
USA(North Carolina) Vekoma Carowinds March 28th 2009 Flying Cobras
0%
USA(Pennsylvania) John Fetterman Knoebels Amusement Resort October 4th 2013 Flying Turns
0%
USA(New York) Zamperla Six Flags Great Escape May 2005 Frankie's Mine Train
0%
Canada Wisdom Rides Clifton Hill July 13th 2020 Frank' N Coaster
0%
USA(New Jersey) SBF Visa Group iPlay America May 27th 2016 Freedom Rider
0%
USA(New Jersey) SBF Visa Group Funplex Mount Laurel March 30th 2013 FunCoaster
0%
USA(New York) SDC Sylvan Beach Amusement Park 1993 Galaxi
0%
Canada Gerstlauer Galaxyland July 17th 2007 Galaxy Orbiter
0%
USA(Florida) Zamperla Fun Spot America July 2nd 2011 Galaxy Spin
0%
USA (Massachusetts) E&F Miler Industries Six Flags New England 1996 Great Chase
0%
USA(Maryland) Zamperla Six Flags America May 8th 1999 Great Chase
0%
USA (Florida) Mack Rides Legoland Florida October 15th 2011 Great Lego Race
0%
USA (Virginia) E&F Miler Industries Kings Dominion March 29th 1997 Great Pumpkin Coaster
0%
USA(New Jersey) S&S Worldwide Clementon Park & Splash World September 18th 2004 Hell Cat
0%
USA(New York) Zierer Six Flags Darien Lake 1981 Hoot N Holler
0%
USA(New Jersey) L&T Systems Casino Pier 2003 Hot Tamales
0%
USA(Georgia) E&F Miler Industries Fun Spot America Atlanta May 2007 Hurricane
0%
USA(Florida) SDC Race City PCB 2015 Hurricane
0%
USA(Florida) E&F Miler Industries Fun Spot America December 24th 2019 Hurricane
0%
USA(New Jersey) Gerstlauer Casino Pier May 6th 2017 Hydrus
0%
USA(Pennsylvania) Zierer Knoebels Amusement Resort April 25th 2015 Impulse
0%
USA(Georgia) Chance Rides Six Flags Over Georgia August 2004 Joker Funhouse Coaster
0%
USA(Maryland) Premier Rides Six Flags America May 8th 1999 Joker's Jinx
0%
USA(Pennsylvania) Vekoma Hersheypark May 11th 1991 Jolly Rancher Remix
0%
USA (Pennsylvania) Chance Rides Dutch Wonderland May 23rd 1998 Joust
0%
Canada E&F Miler Industries Playland 2004 Kettle Creek Mine
0%
USA (Connecticut) Molina & Son's Lake Compounce June 27th 1997 Kiddie Coaster
0%
USA(Florida) E&F Miler Industries Fun Spot America February 3rd 2012 Kiddie Coaster
0%
USA(Georgia) E&F Miler Industries Fun Spot America Atlanta 2019 Kiddie Coaster
0%
USA(New York) Rudyard Stephen Uzzell Playland Park May 26th 1928 Kiddy Coaster
0%
USA(Pennsylvania) Custom Coasters International Dutch Wonderland May 16th 2002 Kingdom Coaster
0%
USA(Pennsylvania) E&F Miler Industries Knoebels Amusement Resort August 1st 2009 Kozmo's Kurves
0%
USA(New Jersey) Zamperla Six Flags Great Adventure 1999 Lil' Devil Coaster
0%
USA(Pennsylvania) Molina & Son's Kennywood 1996 Lil' Phantom
0%
USA(Pennsylvania) King Bushkill Park 2019 Little Stingray
0%
USA(New Jersey) SBF Visa Group Steel Pier 2013 Loco Motion
0%
USA(New Jersey) Pinfari Keansburg Amusement Park July 5th 2015 Looping Star
0%
Canada Arrow Dynamics La Ronde April 27th 1967 Marche du Milles-pattes
0%
USA(Georgia) Maurer Rides Wild Adventures 2000 Marsh Mayhem
0%
USA(Pennsylvania) S&S Worldwide Dutch Wonderland April 28th 2018 Merlin's Mayhem
0%
USA(New Hampshire) Vekoma Santa's Village June 17th 2024 Midnight Flyer
0%
Canada Zamperla Calaway Park 2013 Mine Express
0%
USA(New York) Wisdom Rides Kids 'N Action 1995 Miner Mike
0%
Canada Childress Coaster Sandspit Cavendish Beach 2009 Mini Cyclone Roller Coaster
0%
USA(New York) Zamperla Luna Park April 9th 2021 Mini Mouse
0%
USA(New York) Zamperla Six Flags Darien Lake May 3rd 2008 Moto Coaster
0%
USA(New Jersey) Chance Rides Nickelodeon Universe American Dream October 25th 2019 Nickelodeon Slime Streak
0%
USA(Georgia) Vekoma Wild Adventures 2000 Outpost Express
0%
Canada SBF Visa Group Santa's Village June 10th 2017 Peppermint Penguin Coaster
0%
USA(New Jersey) E&F Miler Industries Playland's Castaway Cove July 29th 2013 Pirate's Gold Rush
0%
USA(New Hampshire) SBF Visa Group Santa's Village May 29th 2016 Poogee Penguin's Spin Out
0%
USA(New York) Dinn Corporation Six Flags Darien Lake May 25th 1990 Predator
0%
USA(Maryland) Vekoma Six Flags America May 20th 1995 Professor Screamore's SkyWinder
0%
USA(Florida) Setpoint Universal Islands of Adventure May 28th 1999 Pteranodon Flyers
0%
USA (New York) Zierer Adventureland 2000 Rattlesnake Coaster
0%
USA(Pennsylvania) E&F Miler Industries Waldameer & Water World 2000 Ravine Flyer 3
0%
USA(Pennsylvania) The Gravity Group Waldameer & Water World May 17th 2008 Ravine Flyer II
0%
USA (Virginia) Mack Rides Kings Dominion March 26th 1988 Reptilian
0%
USA (Massachusetts) Vekoma Six Flags New England May 24th 1997 Riddler Revenge
0%
USA(New Hampshire) Gravitykraft Corporation Story Land May 24th 2014 Roar-O-Saurus
0%
USA(New Jersey) Pinfari Morey's Pier 1999 Rollies Coaster
0%
USA(Pennsylvania) Philidelphia Toboggan Coasters Idlewild & SoakZone 1938 Rollo Coaster
0%
USA(North Carolina) Zamperla Santa's Land 1989 Rudicoaster
0%
Canada Zamperla Santa's Village 1985 Rudolph's Sleigh Ride Roller Coaster
0%
USA(New Jersey) Zierer Morey's Pier August 9th 2019 Runaway Tram
0%
USA(New Jersey) Vekoma Morey's Pier June 27th 1984 Sea Serpent
0%
USA(New Jersey) E&F Miler Industries Keansburg Amusement Park 1998 Sea Serpent
0%
USA (New York) E&F Miler Industries Deno's Wonder Wheel Amusement Park 1999 Sea Serpent
0%
USA (Florida) E&F Miler Industries Fun Spot America 2013 Sea Serpent
0%
USA(Maryland) Miler Manufacturing Jolly Roger Amusement Park 2015 Sea Serpent
0%
USA(Maine) Preston & Barbieri Palace Playland June 9th 2018 Sea Viper
0%
USA(New York) SDC Niagara Amusement Park and Splashworld August 27th 2024 Serpent
0%
USA(New Jersey) SBF Visa Group Jenkinson's Boardwalk June 30th 2022 Shark Escape
0%
USA(New York) Custom Coasters International Niagara Amusement Park and Splash World May 1st 1999 Silver Comet
0%
Canada Vekoma Canada's Wonderland May 6th 2001 Silver Streak
0%
USA(New York) SBF Visa Group Deno's Wonder Wheel Amusement Park 2021 Skyflyer
0%
USA(New York) Zamperla Luna Park April 2011 Soarin' Eagle
0%
Canada E&F Miler Industries NEB's Fun World 2015 Sparetime Express
0%
USA(Maryland) SBF Visa Group Trimper's Rides 2015 Spinning Coaster
0%
USA(Florida) SBF Visa Group Swampy Jack's Wongo Adventure May 23rd 2020 Spinning Coaster
0%
USA(Pennsylvania) Maurer Sohne Waldameer & Water World July 2nd 2004 Steel Dragon
0%
USA(Pennsylvania) Schwarzkopf Hersheypark May 8th 1977 SuperDooperLooper
0%
USA(New York) Zamperla Playland Park 2004 Super Flight
0%
USA(Florida) Zierer SeaWorld Orlando May 7th 2006 Super Grover's Box Car Derby
0%
USA(South Carolina) Philadelphia Toboggan Coasters Family Kingdom Amusement Park 1966 Swamp Fox
0%
USA(Georgia) Vekoma Wild Adventures May 10th 2003 Swamp Thing
0%
USA(Georgia) Zamperla Wild Adventures 2003 Swampwater Snake
0%
Canada E&F Miler Industries Canada's Wonderland 1998 Taxi Jam
0%
USA(New Jersey) E&F Miler Industries Land Of Make Believe 1994 Thriller
0%
Canada Intamin Playland July 6th 2024 ThunderVolt
0%
USA(New Jersey) Intamin Nickelodeon Universe American Dream December 7th 2019 Timmy's Half Pipe Havoc
0%
Canada E&F Miler Industries Centreville Amusement Park August 2014 Toronto Island Mine Coaster
0%
USA(Florida) Vekoma Universal Studios Florida March 13th 1999 Trolls Trollercoaster
0%
USA(Maryland) Miler Manufacturing Adventure Park USA 2015 Tumbleweed
0%
USA (New York) Mack Rides Adventureland May 22nd 2015 Turbulence
0%
USA(Georgia) Vekoma Wild Adventures May 8th 1999 Twisted Typhoon
0%
USA(Pennsylvania) John Fetterman Knoebels Amusement Park July 7th 1999 Twister
0%
USA(South Carolina) Zamperla Family Kingdom Amusement Park April 2nd 2013 Twist 'n' Shout
0%
USA(Georgia) Rocky Mountain Construction Six Flags Over Georgia May 25th 2018 Twusted Cyclone
0%
USA(New Hampshire) Gerstlauer Canobie Lake Park June 11th 2011 Untamed
0%
USA(New York) Arrow HUSS Six Flags Darien Lake May 29th 1982 Viper
0%
USA(Maine) Fajume York's Wild Kingdom May 29th 2010 Wacky Mouse
0%
USA(Georgia) Fajume Lake Winnepesaukah 1991 Wacky Worm
0%
USA(Pennsylvania) Fajume DelGrosso's Amusement Park 2004 Wacky Worm
0%
USA(Maryland) Fajume Jolly Roger Amusement Park 2005 Wacky Worm
0%
USA(New York) Maurer Rides Seabreeze Amusement Park 2004 Whirlwind
0%
USA(New Jersey) SBF Visa Group Playland's Castaway Cove May 27th 2016 Whirlwind
0%
USA(Pennsylvania) SBF Visa Group Waldameer & Water World July 3rd 2020 Whirlwind
0%
USA (Florida) Great Coasters International Fun Spot America May 2013 White Lightning
0%
USA(Maryland) Philadelphia Toboggan Coasters Six Flags America 1986 Wild One
0%
USA(New Jersey) E&F Miler Industries Playland's Castaway Cove September 7th 2017 Wild Waves
0%
USA(Maryland) Zamperla Adventure Park USA May 15th 2015 Wild West Express
0%
USA(New Jersey) SBF Visa Group Morey's Pier June 2nd 2018 Wild Whizzer
0%
USA(Maine) SBF Visa Group Palace Playland July 19th 2018 Wipeout
0%
USA(Connecticut) The Gravity Group Quassy Amusement Park April 23rd 2011 Wooden Warrior
0%
USA(Pennsylvania) Zamperla Dorney Park & Wildwater Kingdom May 6th 2000 Woodstock's Express
0%
USA(New Jersey) SBF Visa Group Casino Pier August 18th 2021 Xolo Loca
0%
USA(Connecticut) Vekoma Lake Compounce June 27th 1997 Zoomerang
0%
No matching quizzes found
Score Distribution
Percent of People with Each Score
Percentile by Number Answered
Your Score History
You have not taken this quiz